| 000 | 00498nam a2200181Ia 4500 | ||
|---|---|---|---|
| 999 |
_c13787 _d13787 |
||
| 003 | OSt | ||
| 005 | 20201005110904.0 | ||
| 008 | 190216s9999||||xx |||||||||||||| ||und|| | ||
| 020 | _a195603079 | ||
| 040 | _coclc | ||
| 082 |
_a812.5 _bMIL/A |
||
| 100 |
_aMiller, Arthur _94844 |
||
| 245 | 0 |
_aAll My Sons / _cArthur Miller |
|
| 260 |
_bOxford University Press, _c1992. _aLondon: |
||
| 300 | _a112p | ||
| 650 | _aEnglish Drama | ||
| 942 |
_cBK _2ddc _h812.5 _iMIL/A _k812.5 _mMIL/A |
||